Statistics for Final Fantasy XIV: Combat Jobs Quiz

Click here to take the quiz!

General Stats

  • This quiz has been taken 19 times
  • The average score is 17 of 19

Answer Stats

RoleAnswer% Correct
Melee DPSMonk
100%
Melee DPSNinja
100%
TankPaladin
100%
Magical Ranged DPSSummoner
100%
HealerWhite Mage
100%
Magical Ranged DPSBlack Mage
93%
TankDark Knight
93%
Melee DPSDragoon
93%
Magical Ranged DPSRed Mage
93%
TankWarrior
93%
Physical Ranged DPSBard
87%
Physical Ranged DPSDancer
87%
TankGunbreaker
87%
Physical Ranged DPSMachinist
87%
HealerSage
87%
Melee DPSSamurai
87%
HealerScholar
87%
HealerAstrologian
80%
Melee DPSReaper
80%

Score Distribution

Percentile by Number Answered

Percent of People with Each Score

Your Score History

You have not taken this quiz